Understanding electronic commerce : [how online transactions can grow your business]
Αποθηκεύτηκε σε:
| Κύριος συγγραφέας: | |
|---|---|
| Μορφή: | Βιβλίο |
| Γλώσσα: | English |
| Δημοσίευση: |
Redmond, Wash. :
Microsoft Press,
c1997
|
| Σειρά: | Strategic technology series
|
| Θέματα: | |
| Ετικέτες: |
Προσθήκη ετικέτας
Δεν υπάρχουν, Καταχωρήστε ετικέτα πρώτοι!
|
MARC
| LEADER | 00000nam a2200000 i 4500 | ||
|---|---|---|---|
| 001 | 1/95721 | ||
| 008 | 991209s1997 eng d | ||
| 020 | |a 1572315601 | ||
| 035 | |l 10055426 | ||
| 040 | |a GR-MY-UA |b gre |e aacr | ||
| 041 | 0 | |a eng | |
| 082 | 0 | |a 658.800285 | |
| 100 | 1 | |a Kosiur, David R. | |
| 245 | 1 | 0 | |a Understanding electronic commerce : |b [how online transactions can grow your business] / |c David R. Kosiur |
| 260 | |a Redmond, Wash. : |b Microsoft Press, |c c1997 | ||
| 300 | |a x, 287 p.; |b ill.; |c 23 cm. | ||
| 490 | 1 | |a Strategic technology series | |
| 500 | |a Includes index | ||
| 650 | 0 | 0 | |a Electronic commerce. |
| 830 | 0 | |a Strategic technology series | |
| 852 | |a INST |b SAMOS |e 19991209 |h 658.800285 KOS |p 005300016430 |q 005300016430 |t BK |y 0 | ||
| 901 | |a BIBL3-1999-3 | ||
| 909 | |a Σ |b 070551 | ||
| 922 | |a 3ΕΛΗ |b 199911 |c ΤΠΕΣ |d ΠΑΠΑΣΩΤΗΡΙΟΥ | ||
| 970 | |a ΓΕΝΟΥΖΟΥ |b ΧΡΥΣΑΝΘΗ |z 1999/12/09 | ||